Quiz o Międzyzdrojach - Statystyki

Ogólne statystyki
  • Ten quiz został rozwiązany 4 razy
  • Średni wynik to 7 z 15
Statystyki odpowiedzi
Wskazówka Odpowiedź % Poprawnych
Nazwa długiego pomostu nad Bałtykiem z kawiarniami i przystanią Molo
100%
Wyspa, na której położone są Międzyzdroje Wolin
100%
Ścieżka wyłożona odbiciami dłoni znanych osób Promenada Gwiazd
75%
Park narodowy w sąsiedztwie Międzyzdrojów {Woliński} Park Narodowy
75%
Rok pierwszego uzyskania praw miejskich 1947
50%
Czyjego imienia jest Park Zdrojowy? Fryderyka Chopina
50%
Obiekt stworzony przez człowieka widniejący w herbie miasta Kotwica
50%
Część miasta położona na jego południowych i zachodnich peryferiach Lubiewo
50%
Powiat, w którym leżą Międzyzdroje Powiat {kamieński}
50%
Miasto położone jest nad tą zatoką wchodzącą w skład Morza Bałtyckiego Zatoka {Pomorska}
50%
Najpopularniejsza ulica miasta biegnąca wzdłuż wybrzeża Bohaterów Warszawy
25%
Jakie 4 obiekty są zlokalizowane przy głównej części deptaku obok hotelu Aurora? Fontanny
25%
W latach 1972-1984 Międzyzdroje były częścią tego miasta Świnoujście
25%
Park znajdujący się zaraz przy wjeździe do miasta od strony S3 Bałtycki Park Miniatur
0%
Wzniesienie przy północno-wschodniej części miasta Kawcza Góra
0%
Nie znaleziono quizów pasujących do podanych kryteriów
Rozkład punktacji
Procent ludzi z każdym wynikiem
Percentyl według liczby udzielonych odpowiedzi
Twoja historia wyników
Nie rozwiązałeś tego quizu